[Event "Donetsk Amitan Memorial IM 4th"]
[Site "Donetsk"]
[Date "2011.12.11"]
[Round "6"]
[White "Lojko, Alexej"]
[Black "Shilin, Denis"]
[Result "0-1"]
[WhiteElo "2230"]
[BlackElo "2332"]
[PlyCount "82"]
[EventDate "2011.12.08"]
[EventType "tourn"]
[EventRounds "9"]
[EventCountry "UKR"]
[EventCategory "2"]
[SourceTitle "CBM 145 Extra"]
[Source "ChessBase"]
[SourceDate "2012.01.03"]
[SourceVersion "1"]
[SourceVersionDate "2012.01.03"]
[SourceQuality "1"]

1. d4 Nf6 2. c4 g6 3. Nc3 d5 4. Nf3 Bg7 5. Qb3 dxc4 6. Qxc4 0-0 7. e4 Nfd7 8. Be3 Nc6 9. 0-0-0 Nb6 10. Qb3 a5 11. d5 a4 12. Qb5 Na7 13. Qb4 a3 14. bxa3 Bg4 15. Bd4 Bxd4 16. Qxd4 Bxf3 17. gxf3 Qd6 18. Kb2 c5 19. dxc6 Qxc6 20. Be2 Rfd8 21. Qb4 Rxd1 22. Rxd1 Rc8 23. Rc1 Qc7 24. Kb1 e6 25. Qb2 Nc6 26. f4 Nd4 27. Bd3 Nc4 28. Qb4 Nd2+ 29. Kb2 Nc6 30. Nd5 Nxb4 31. Rxc7 Nxd3+ 32. Kc3 Rd8 33. Ne7+ Kf8 34. Kxd2 Nxf4+ 35. Ke3 g5 36. f3 Rd3+ 37. Kf2 Rd2+ 38. Kg1 b5 39. Nc8 h5 40. e5 Nd3 41. h4 Nxe5 0-1

[Event "Donetsk Amitan Memorial IM 4th"]
[Site "Donetsk"]
[Date "2011.12.10"]
[Round "4"]
[White "Zajarnyi, Anatolyi"]
[Black "Shilin, Denis"]
[Result "0-1"]
[WhiteElo "2333"]
[BlackElo "2332"]
[PlyCount "56"]
[EventDate "2011.12.08"]
[EventType "tourn"]
[EventRounds "9"]
[EventCountry "UKR"]
[EventCategory "2"]
[SourceTitle "CBM 145 Extra"]
[Source "ChessBase"]
[SourceDate "2012.01.03"]
[SourceVersion "1"]
[SourceVersionDate "2012.01.03"]
[SourceQuality "1"]

1. e4 e5 2. Nf3 Nc6 3. Nc3 Nge7 4. d4 exd4 5. Nxd4 Nxd4 6. Qxd4 Nc6 7. Qe3 Bb4 8. Bc4 0-0 9. 0-0 Ne5 10. Bb3 Qh4 11. Nd5 Bd6 12. g3 Qh5 13. f3 Ng6 14. Kh1 Bxg3 15. Qg1 Bd6 16. f4 c6 17. f5 cxd5 18. fxg6 dxe4 19. Be3 hxg6 20. Rxf7 Rxf7 21. Rf1 Kh7 22. Rxf7 Be5 23. Bd5 d6 24. Bxe4 Bf5 25. Bg2 Rc8 26. c3 Rc4 27. Bd4 Bxd4 28. cxd4 Qg5 0-1

[Event "Donetsk Amitan Memorial IM 4th"]
[Site "Donetsk"]
[Date "2011.12.09"]
[Round "2"]
[White "Shilin, Denis"]
[Black "Kononenko, Dmitry1111"]
[Result "1/2-1/2"]
[WhiteElo "2332"]
[BlackElo "2313"]
[PlyCount "56"]
[EventDate "2011.12.08"]
[EventType "tourn"]
[EventRounds "9"]
[EventCountry "UKR"]
[EventCategory "2"]
[SourceTitle "CBM 145 Extra"]
[Source "ChessBase"]
[SourceDate "2012.01.03"]
[SourceVersion "1"]
[SourceVersionDate "2012.01.03"]
[SourceQuality "1"]

1. e4 c6 2. d4 d5 3. e5 Bf5 4. c4 e6 5. Nc3 Ne7 6. a3 Nd7 7. c5 f6 8. f4 b6 9. b4 a5 10. Ra2 axb4 11. axb4 Rxa2 12. Nxa2 Be4 13. Nc3 bxc5 14. bxc5 fxe5 15. fxe5 Nf5 16. Nxe4 dxe4 17. Qa4 Bxc5 18. dxc5 0-0 19. Qa3 Nxe5 20. Nh3 Qh4+ 21. g3 Qg4 22. Ng5 e3 23. Bxe3 Nxe3 24. Qxe3 Qxg5 25. Qxg5 Nf3+ 26. Ke2 Nxg5 27. Bg2 Nf7 28. Rd1 Ra8 1/2-1/2

[Event "Stopkin Memorial 1st"]
[Site "Nikolaev"]
[Date "2009.11.22"]
[Round "1"]
[White "Zhak, Borys"]
[Black "Shilin, Denis"]
[Result "0-1"]
[WhiteElo "1967"]
[BlackElo "2374"]
[PlyCount "114"]
[EventDate "2009.11.22"]
[EventType "swiss"]
[EventRounds "9"]
[EventCountry "UKR"]
[SourceTitle "EXT 2023"]
[Source "ChessBase"]
[SourceDate "2022.10.05"]
[SourceVersion "1"]
[SourceVersionDate "2022.10.05"]
[SourceQuality "1"]

1. c4 e5 2. Nc3 Bb4 3. Nd5 Ba5 4. b4 c6 5. bxa5 cxd5 6. cxd5 Qxa5 7. Qc2 Na6 8. e4 Nc5 9. Bb2 Nf6 10. f3 d6 11. Bc3 Qc7 12. d4 Ncd7 13. Rc1 0-0 14. dxe5 Nxe5 15. Bxe5 Qxc2 16. Rxc2 dxe5 17. Bd3 Bd7 18. Ne2 Rfc8 19. Kd2 Rxc2+ 20. Bxc2 Ne8 21. Bd3 Rc8 22. Rc1 Rxc1 23. Nxc1 Nd6 24. Nb3 b6 25. g4 Ba4 26. Nc1 f6 27. Ne2 Bd7 28. h3 h5 29. Ng3 h4 30. Nf1 Nf7 31. Nh2 Kf8 32. Ke3 Ke7 33. f4 exf4+ 34. Kxf4 Kd6 35. Nf3 Ne5 36. Nxe5 g5+ 37. Ke3 fxe5 38. Kd2 Kc5 39. Kc3 b5 40. a3 a5 41. Bf1 Bc8 42. Be2 Bb7 43. Bd3 Ba6 44. Be2 b4+ 45. axb4+ axb4+ 46. Kd2 Bc8 47. Kc2 Kd4 48. Bb5 Kxe4 49. d6 Kf4 50. d7 Bxd7 51. Bxd7 Kg3 52. Kb3 e4 53. Kxb4 e3 54. Bb5 Kxh3 55. Kc3 Kxg4 56. Kd3 Kf3 57. Bd7 e2 0-1

[Event "Geller Memorial op-A 4th"]
[Site "Odessa"]
[Date "2008.09.16"]
[Round "8"]
[White "Shilin, Denis"]
[Black "Fingerov, Dmitry"]
[Result "0-1"]
[WhiteElo "2393"]
[BlackElo "2365"]
[PlyCount "52"]
[EventDate "2008.09.09"]
[EventType "swiss"]
[EventRounds "9"]
[EventCountry "UKR"]
[SourceTitle "CBM 126 Extra"]
[Source "ChessBase"]
[SourceDate "2008.11.05"]
[SourceVersion "1"]
[SourceVersionDate "2008.11.05"]
[SourceQuality "1"]

1. e4 e6 2. d4 d5 3. e5 c5 4. c3 Bd7 5. Nf3 Nc6 6. Be2 Nge7 7. Na3 Nf5 8. Nc2 cxd4 9. cxd4 f6 10. 0-0 fxe5 11. Nxe5 Nxe5 12. dxe5 Bc5 13. b4 Bb6 14. a4 a5 15. b5 0-0 16. Ra3 Rc8 17. Rh3 Be8 18. Ba3 Rf7 19. Bd3 h6 20. Qg4 Qg5 21. Qe2 Qf4 22. g4 Nd4 23. Nxd4 Bxd4 24. Bb1 Bxe5 25. Kh1 Rc3 26. Rxc3 Qxh2# 0-1

[Event "Geller Memorial op-A 4th"]
[Site "Odessa"]
[Date "2008.09.15"]
[Round "7"]
[White "Garifulin, Alexandr"]
[Black "Shilin, Denis"]
[Result "0-1"]
[WhiteElo "2288"]
[BlackElo "2393"]
[PlyCount "92"]
[EventDate "2008.09.09"]
[EventType "swiss"]
[EventRounds "9"]
[EventCountry "UKR"]
[SourceTitle "CBM 126 Extra"]
[Source "ChessBase"]
[SourceDate "2008.11.05"]
[SourceVersion "1"]
[SourceVersionDate "2008.11.05"]
[SourceQuality "1"]

1. d4 Nf6 2. c4 Nc6 3. Nf3 e6 4. a3 d6 5. Nc3 Be7 6. g3 0-0 7. Bg2 Nd7 8. 0-0 e5 9. d5 Ncb8 10. e4 a5 11. Be3 Na6 12. b4 Nb6 13. Qb3 f5 14. c5 f4 15. Bd2 a4 16. Qa2 Nd7 17. c6 Nb6 18. Rad1 Kh8 19. cxb7 Bxb7 20. gxf4 exf4 21. Nd4 Bc8 22. f3 Bf6 23. Nce2 Be5 24. Nc6 Qe8 25. Nxe5 dxe5 26. Nc3 Rf6 27. Rf2 Rh6 28. Be1 Bd7 29. Qe2 Nc8 30. Bf1 Nd6 31. Rc1 Qh5 32. Qb2 Nf7 33. Kh1 Ng5 34. Qe2 Rb8 35. Qd1 Rbb6 36. Rcc2 Rbg6 37. d6 Rxd6 38. Nd5 Nxe4 39. Bxa6 Nxf2+ 40. Rxf2 Rxa6 41. Nxf4 Qf5 42. Ng2 Rad6 43. Qe2 Bc6 44. Bc3 Rh5 45. Ne3 Qd3 46. Qe1 Rf6 0-1

[Event "Geller Memorial op-A 4th"]
[Site "Odessa"]
[Date "2008.09.09"]
[Round "1"]
[White "Hrinchuk, Vladimir"]
[Black "Shilin, Denis"]
[Result "0-1"]
[WhiteElo "2136"]
[BlackElo "2393"]
[PlyCount "80"]
[EventDate "2008.09.09"]
[EventType "swiss"]
[EventRounds "9"]
[EventCountry "UKR"]
[SourceTitle "CBM 126 Extra"]
[Source "ChessBase"]
[SourceDate "2008.11.05"]
[SourceVersion "1"]
[SourceVersionDate "2008.11.05"]
[SourceQuality "1"]

1. e4 e5 2. Nc3 Nf6 3. Nf3 Nc6 4. d4 exd4 5. Nxd4 Bb4 6. Nxc6 bxc6 7. Bd3 d5 8. exd5 cxd5 9. 0-0 0-0 10. Bg5 Be6 11. Qf3 Be7 12. h3 c6 13. Rad1 h6 14. Bf4 c5 15. Nb5 Qb6 16. Nc7 Rac8 17. Nxe6 fxe6 18. Qe2 c4 19. Bf5 exf5 20. Qxe7 Rfe8 21. Qa3 d4 22. b3 Nd5 23. Bc1 Nc3 24. Rde1 Ne2+ 25. Kh1 cxb3 26. cxb3 f4 27. b4 Rc3 28. Qa4 Re6 29. Bd2 Rc8 30. Qb3 Kh8 31. Qf3 Qc6 32. Qxc6 Rcxc6 33. a4 Rc2 34. Rd1 Ra2 35. a5 a6 36. Rfe1 Kh7 37. Bc1 Kg6 38. Rd3 Kf5 39. Rb3 Ng3+ 40. fxg3 Rxe1+ 0-1

[Event "Donetsk Kots Memorial"]
[Site "Donetsk"]
[Date "2008.01.25"]
[Round "8"]
[White "Shilin, Denis"]
[Black "Solovyev, Artem"]
[Result "0-1"]
[WhiteElo "2407"]
[BlackElo "2059"]
[PlyCount "106"]
[EventDate "2008.01.18"]
[EventType "tourn"]
[EventRounds "13"]
[EventCountry "UKR"]
[EventCategory "1"]
[SourceTitle "CBM 122 Extra"]
[Source "ChessBase"]
[SourceDate "2008.03.04"]
[SourceVersion "1"]
[SourceVersionDate "2008.03.04"]
[SourceQuality "1"]

1. e4 e5 2. Nf3 Nc6 3. d4 exd4 4. Bc4 Nf6 5. e5 d5 6. Bb5 Ne4 7. Nxd4 Bd7 8. Bxc6 bxc6 9. 0-0 Bc5 10. f3 Ng5 11. Be3 0-0 12. Qd2 f6 13. Kh1 Bb6 14. c4 c5 15. exf6 gxf6 16. Nb3 d4 17. Bxd4 cxd4 18. c5 Bb5 19. Rc1 d3 20. Qf4 Re8 21. N1d2 Kh8 22. cxb6 axb6 23. h4 Ne6 24. Qf5 c5 25. Ne4 Nd4 26. Nxd4 Qxd4 27. Rd1 Rf8 28. Rd2 Bd7 29. Qh5 Be8 30. Qh6 Bg6 31. Re1 Rfe8 32. Rdd1 c4 33. Nc3 Rad8 34. Rxe8+ Rxe8 35. h5 Qh4+ 36. Kg1 Qxh5 37. Qxh5 Bxh5 38. Nd5 Bf7 39. Nxb6 Rb8 40. Na4 Rb4 41. Nc3 Rxb2 42. Rc1 d2 43. Rd1 Rc2 44. Ne4 c3 45. Kf2 Rc1 46. Nxc3 Rxc3 47. Rxd2 Ra3 48. Kg3 Rxa2 49. Rd4 Kg7 50. Rg4+ Bg6 51. Rd4 Ra5 52. Rd6 f5 53. Kf4 Ra2 0-1

[Event "Donetsk Kots Memorial"]
[Site "Donetsk"]
[Date "2008.01.24"]
[Round "7"]
[White "Kononenko, Dmitry1111"]
[Black "Shilin, Denis"]
[Result "1-0"]
[WhiteElo "2199"]
[BlackElo "2407"]
[PlyCount "61"]
[EventDate "2008.01.18"]
[EventType "tourn"]
[EventRounds "13"]
[EventCountry "UKR"]
[EventCategory "1"]
[SourceTitle "CBM 122 Extra"]
[Source "ChessBase"]
[SourceDate "2008.03.04"]
[SourceVersion "1"]
[SourceVersionDate "2008.03.04"]
[SourceQuality "1"]

1. e4 e5 2. Nf3 Nc6 3. d4 exd4 4. Nxd4 Bc5 5. Be3 Qf6 6. c3 Nge7 7. Bc4 0-0 8. 0-0 Qg6 9. f3 Ne5 10. Be2 d5 11. Nd2 dxe4 12. Nxe4 Nd5 13. Bf2 Bb6 14. Qd2 Rd8 15. Rad1 f5 16. Qg5 c5 17. Nc2 Qxg5 18. Nxg5 Nf4 19. Bb5 h6 20. Rxd8+ Bxd8 21. Re1 Bf6 22. Bc4+ Kh8 23. Nf7+ Nxf7 24. Re8+ Kh7 25. Bxf7 b6 26. Bg3 Nd3 27. Bd5 Bb7 28. Rxa8 Bxd5 29. Rxa7 Nxb2 30. Be1 Nd1 31. Rd7 1-0

[Event "Donetsk Kots Memorial"]
[Site "Donetsk"]
[Date "2008.01.22"]
[Round "5"]
[White "Iljin, Timofey"]
[Black "Shilin, Denis"]
[Result "1-0"]
[WhiteElo "2442"]
[BlackElo "2407"]
[PlyCount "49"]
[EventDate "2008.01.18"]
[EventType "tourn"]
[EventRounds "13"]
[EventCountry "UKR"]
[EventCategory "1"]
[SourceTitle "CBM 122 Extra"]
[Source "ChessBase"]
[SourceDate "2008.03.04"]
[SourceVersion "1"]
[SourceVersionDate "2008.03.04"]
[SourceQuality "1"]

1. d4 Nf6 2. c4 g6 3. Nc3 d6 4. e4 Bg7 5. f4 0-0 6. Nf3 c5 7. d5 e6 8. Be2 exd5 9. cxd5 Bg4 10. 0-0 Re8 11. e5 Bxf3 12. Bxf3 dxe5 13. fxe5 Nfd7 14. e6 Ne5 15. exf7+ Nxf7 16. Bg4 Ne5 17. Be6+ Kh8 18. Ne4 Nbd7 19. Bg5 Qb6 20. Qd2 Nf8 21. Bh3 Nc4 22. Qf4 Ne3 23. Nf6 c4 24. Kh1 h6 25. Nxe8 1-0

[Event "Donetsk Kots Memorial"]
[Site "Donetsk"]
[Date "2008.01.18"]
[Round "1"]
[White "Prihodko, Alexander"]
[Black "Shilin, Denis"]
[Result "1/2-1/2"]
[WhiteElo "2340"]
[BlackElo "2407"]
[PlyCount "92"]
[EventDate "2008.01.18"]
[EventType "tourn"]
[EventRounds "13"]
[EventCountry "UKR"]
[EventCategory "1"]
[SourceTitle "CBM 122 Extra"]
[Source "ChessBase"]
[SourceDate "2008.03.04"]
[SourceVersion "1"]
[SourceVersionDate "2008.03.04"]
[SourceQuality "1"]

1. e4 c5 2. Nf3 d6 3. d4 cxd4 4. Nxd4 Nf6 5. Nc3 a6 6. Bg5 e6 7. f4 Be7 8. Qf3 Qc7 9. 0-0-0 Nbd7 10. g4 b5 11. Bxf6 Nxf6 12. g5 Nd7 13. f5 Nc5 14. f6 gxf6 15. gxf6 Bf8 16. Rg1 Bd7 17. Rg7 Bxg7 18. fxg7 Rg8 19. e5 0-0-0 20. exd6 Qb6 21. Ne4 Nxe4 22. Qxe4 Rxg7 23. Qa8+ Qb8 24. Qxa6+ Qb7 25. Qa5 Rg1 26. a4 Be8 27. Nxb5 Bxb5 28. axb5 Rxf1 29. Rxf1 Rxd6 30. Rg1 Kd7 31. c4 Rd4 32. Qc3 e5 33. Rf1 Qg2 34. Re1 Qxh2 35. c5 f6 36. c6+ Kc8 37. b6 Qh6+ 38. Kb1 Qg6+ 39. Ka2 Qg8+ 40. b3 Ra4+ 41. Kb1 Qg6+ 42. Kc1 Qg5+ 43. Re3 Qg1+ 44. Re1 Qg5+ 45. Kc2 Qg2+ 46. Kb1 Qg6+ 1/2-1/2

[Event "Geller Memorial op-A 3rd"]
[Site "Odessa"]
[Date "2007.09.14"]
[Round "7"]
[White "Kharchenko, Boris"]
[Black "Shilin, Denis"]
[Result "0-1"]
[WhiteElo "2427"]
[BlackElo "2380"]
[PlyCount "120"]
[EventDate "2007.09.08"]
[EventType "swiss"]
[EventRounds "9"]
[EventCountry "UKR"]
[SourceTitle "CBM 120 Extra"]
[Source "ChessBase"]
[SourceDate "2007.11.01"]
[SourceVersion "1"]
[SourceVersionDate "2007.11.01"]
[SourceQuality "1"]

1. e4 Nc6 2. d4 e5 3. dxe5 Nxe5 4. Nf3 Qf6 5. Nxe5 Qxe5 6. Bd3 Bc5 7. Nc3 Nf6 8. 0-0 d6 9. Qf3 Bg4 10. Qf4 0-0-0 11. Be3 Qxf4 12. Bxf4 h6 13. Rfe1 Be6 14. Be3 Bxe3 15. Rxe3 Ng4 16. Ree1 g5 17. Nb5 a6 18. Nd4 Ne5 19. Be2 g4 20. f4 gxf3 21. Nxf3 Rdg8 22. Nxe5 dxe5 23. Bf3 Kd7 24. Kf2 Ke7 25. a3 c5 26. Rad1 b5 27. Rd2 Rd8 28. Rxd8 Rxd8 29. Ke3 a5 30. Rd1 Rb8 31. Ra1 c4 32. Be2 Kd6 33. h3 Rg8 34. Bf3 Kc5 35. Rd1 Kc6 36. Ra1 Rb8 37. g4 Kd6 38. Kd2 Ke7 39. Rg1 Kf6 40. h4 b4 41. axb4 axb4 42. Ra1 Rd8+ 43. Ke3 Rg8 44. Ra4 b3 45. c3 Bxg4 46. Rxc4 Be6 47. Rb4 Rg3 48. Kf2 Rh3 49. Kg2 Rxh4 50. c4 Kg5 51. c5 Kf4 52. Rb6 Rh3 53. Be2 Rg3+ 54. Kf2 Rg8 55. Ba6 Rd8 56. Ke1 Ke3 57. c6 Rd2 58. c7 Rxb2 59. Kf1 Rb1+ 60. Kg2 Rc1 0-1

[Event "UKR Games (Men) 3rd"]
[Site "Evpatoria"]
[Date "2007.05.23"]
[Round "4"]
[White "Maximov, Dmitry"]
[Black "Shilin, Denis"]
[Result "1/2-1/2"]
[WhiteElo "2482"]
[BlackElo "2383"]
[PlyCount "62"]
[EventDate "2007.05.21"]
[EventType "team"]
[EventRounds "7"]
[EventCountry "UKR"]
[SourceTitle "CBM 118 Extra"]
[Source "ChessBase"]
[SourceDate "2007.07.04"]
[SourceVersion "1"]
[SourceVersionDate "2007.07.04"]
[SourceQuality "1"]

1. e4 e5 2. Nf3 Nc6 3. Bb5 Bc5 4. 0-0 Nd4 5. Nxd4 Bxd4 6. c3 Bb6 7. d4 c6 8. Be2 exd4 9. cxd4 d5 10. Nc3 Ne7 11. Bg5 dxe4 12. Nxe4 Bf5 13. Nc5 Bxc5 14. dxc5 Qxd1 15. Rfxd1 Nd5 16. Rd4 g6 17. Bd2 0-0-0 18. Ba5 Nc7 19. Rad1 Rxd4 20. Rxd4 Re8 21. Kf1 Re5 22. Bb4 a5 23. Bxa5 Rxc5 24. Bxc7 Kxc7 25. Rd2 Rc1+ 26. Bd1 Be6 27. a3 Bd5 28. f3 g5 29. Kf2 Rc5 30. Bc2 h6 31. Ke3 Be6 1/2-1/2